000 00554nam a2200205Ia 4500
005 20250923150015.0
008 008 250917s9999 xx 000 0 eng d
037 _aTextual
040 _aDSWL
_beng
_cDSWL
041 _aeng
_2eng
084 _aS60a~A:87x, N99
_qDSWL
100 _aCarrin, M.
_9841226
245 0 _aManaging distress
_c by M. Carrin
260 _aNew Delhi
_bManohar Pub.
_c1999
300 _a203 p.
365 _aINR
_b400.00
925 _g400.00
942 _cTEXL
_hS60a~A:87x, N99
999 _c1458432
_d1458432